| 000 | 00631nam a2200217Ia 4500 | ||
|---|---|---|---|
| 005 | 20160719110940.0 | ||
| 008 | 140110s9999 xx 000 0 und d | ||
| 020 |
_a9788120338654 _c150.00 |
||
| 040 | _aLoreto College | ||
| 041 | _aEnglish | ||
| 082 |
_a823(I) _bGHO-CHO |
||
| 245 |
_aAmitav Ghosh _bCritical essays _cEdited By Bibhash Choudhury |
||
| 260 |
_aNew Delhi _bPHI Learning _c2009 |
||
| 300 | _aix,181p. | ||
| 630 | _aIndian writing in English | ||
| 650 | _aGhosh,Amitava (1956-) | ||
| 651 | _aGhosh,Amitava-Criticism and interpretation | ||
| 700 | _aChoudhury,Bibhash,ed. | ||
| 850 |
_aLCLIB _bPG |
||
| 942 | _cBK | ||
| 999 |
_c38524 _d89003 |
||